000 00456nam a22001817a 4500
003 MPLRDC
005 20220104123736.0
008 210129b ||||| |||| 00| 0 eng d
020 _a957-9084-98-X
082 _a225.5 ZYFS v.1 no.3
100 _a证严法师
245 _a慧语流泉. 三
_c
250 _a初版
260 _a
_b中华日报出版部
_c1996
300 _b
650 _a佛教教化法, 教育
942 _cBK
_o225.5 ZYFS v.1 no.3
999 _c13841
_d13831